000 00742cab a2200229 4500
001 WB2917-13
008 090401t1993 xxu||||| |||| 00| 0 eng d
035 _a(Sirsi) u17966
041 _aeng
245 _aChancellor`s EBRD speech
260 _c1993
350 _a0
490 _aHM Treasury Press Release
_v(57/93) 27 April 1993 (5)
520 _aThe Chancellor of the Exchequer as the UK Governor of the EBRD made an address at the Annual Meeting of the EBRD; major themes were the role of the bank and trade liberalisation.
650 _aEASTERN EUROPE
650 _aEBRD
650 _aFREE TRADE
690 _aECONOMIC AND SOCIAL
690 _aPROPERTY-PROPERTY FINANCE AND INVESTMENT
942 _n0
948 _c04/03/1997
999 _c11915
_d11915